banner-ar

بلدتنا / (Record no. 46982)

MARC details
000 -الفاتح
حقل البيانات ثابتة الطول 00569nam a2200181Ia 4500
008 - عناصر البيانات ثابتة الطول - معلومات عامة
حقل البيانات ثابتة الطول 140319s9999 xx 000 0 ara d
040 ## - مصدر الفهرسة
وكالة الفهرسة الأصلية GCL /
وكالة النسخ GCL
082 04 - رقم تصنيف ديوى العشرى
رقم التصنيف 822.008
رقم المادة و ب
100 1# - المدخل الرئيسى - إسم شخصى
الإسم الشخصى وايلدر, ثورنتون
245 10 - بيان العنوان
العنوان بلدتنا /
بيان المسئوليه,etc وايلدر, ثورنتون
700 1# - المدخل الاضافى - اسم شخصى
الإسم الشخصى محمد اسماعيل الموافى
300 ## - الوصف المادى
التعداد 176 ص
490 ## - بيان السلسلة
عنوان السلسلة مسرحيات عالمية
رقم المجلد/ التعيين التسلسلي 0
650 04 - المدخل الاضافى بالموضوع-مصطلح موضوعى
مصطلح موضوعي الادب الامريكى المترجم
650 04 - المدخل الاضافى بالموضوع-مصطلح موضوعى
مصطلح موضوعي المسرحيات الامريكية المترجمة
942 ## - عناصر المدخل الإضافي( كوها)
مصدر التصنيف او مخطط الترفيف Dewey Decimal Classification
Koha [default] item type كتاب
Holdings
حالة التراجع حالة الفقد حالة تلف ليس للاعارة المكان المؤقت الموقع الحالى تاريخ الاكتساب اجمالي اﻻعارات رقم الطلب الباركود تاريخ اخر مشاهدة تاريخ تفعيل السعر نوع وعاء كوها
        مكتبة القاهرة الكبرى مكتبة القاهرة الكبرى 03/26/2014   822.008\و ب 114022 03/26/2014 03/26/2014 كتاب

Powered By

EGPV